Избранные произведения в шести томах (Запис № 379816)

МАРК-запис
000 -Лідер
fixed length control field 00822nam a22002417a 4500
001 - Контрольний номер
control field 93570
003 - Ідентифікатор контрольного номера
control field UA-OsUOA
005 - Дата та час останнього входження (трансакції)
control field 20251230095444.0
007 - Фіксоване поле фізичного опису
fixed length control field ta
008 - Елементи даних фіксованої довжини – загальна інформація
fixed length control field 20130123b un ||||| |||| 00| 0 ukr d
040 ## - Джерело каталогізації
Агенція оригінальної каталогізації UA-OsUOA
Мова каталогізації rus
Агенція, яка здійснювала перезапис UA-OsUOA
Агенція, яка здійснювала модифікацію UA-OsUOA
041 ## - Код мови
Код мови тексту/ звукової доріжки чи окремого заголовка (П) rus
080 ## - Індекс Універсальної десяткової класифікації
Індекс Універсальної десяткової класифікації (УДК) (НП) 821.353.1
090 ## - Локальний шифр розміщення
Класифікаційний індекс УДК 821.353.1
Авторський знак (НП) Г18
100 ## - Основне введення – ім’я особи
Ім’я особи (НП) Гамсахурдиа К.
9 (RLIN) 23014
245 ## - Відомості про назву
Назва (НП) Избранные произведения в шести томах
Дані про відповідальність (НП) К. Гамсахурдиа
260 ## - Публікація, розповсюдження і т.п. (Вихідні дані)
Місце публікації, розповсюдження і т.п. (П) Тбилиси
Ім’я/ наймення видавництва, розповсюджувача і т.п. (П) Зоря Востока
Дата публікації, розповсюдження і т.п. (П) 1962
300 ## - Фізичний опис
Обсяг 352 с.
505 ## - Форматована примітка про зміст
Змішана інформація Т. 2
Назва Десница великого мастера. Новеллы
650 #7 - Додаткове предметне введення – тематичний термін
Тематичний термін чи географічна назва, як елемент введення (НП) 821 Художня література окремими мовами і мовними сім'ями
Джерело заголовка чи терміна UDC
9 (RLIN) 17
942 ## - Додаткові елементи входу (Коха)
Тип елемента Koha Книги
Source of classification or shelving scheme Universal Decimal Classification
955 ## - Код типу видання за змістом
Код типу видання за змістом (НП) Літературно-художні видання
Фонди
Стан вилучень Стан втрат Джерело класифікації або схеми стелажів Стан уражень Не для кредиту Постійне місце розташування Поточне розміщення Дата придбання Послідовне перерахування / хронологія Інвентарний номер Усього замовленно Повний номер виклику Штрих-код Дата останнього перегляду Ціна ефективна від Тип елемента Koha
    Universal Decimal Classification     АБ - Абонемент НБ АБ - Абонемент НБ 23/01/2013 Т. 2 14493   821.353.1 Г18 14493 12/04/2022 23/01/2013 Книги